| 000 | 00909cam a2200277 a 4500 | ||
|---|---|---|---|
| 001 | 1389388 | ||
| 003 | Ke-BoTe | ||
| 005 | 20220610110426.0 | ||
| 008 | 821123s1984 moua b 001 0 eng | ||
| 010 | _a 82022944 | ||
| 020 | _a0801634997 | ||
| 040 |
_aDLC _cDLC _dDLC |
||
| 050 | 1 | 0 |
_aRD93 _b.C75 1984 |
| 082 | 0 | 0 |
_a617/.1 _219 |
| 245 | 0 | 0 |
_aCritical decisions in trauma / _cErnest Eugene Moore, Ben Eiseman, Charles W. Van Way III [editors]. |
| 260 |
_aSt. Louis : _bC.V. Mosby Co., _c1984. |
||
| 300 |
_axx, 692 p. : _bill. ; _c23 x 29 cm. |
||
| 504 | _aIncludes bibliographies and index. | ||
| 650 | 0 |
_aTraumatology _xDecision making. _98089 |
|
| 650 | 0 |
_aWounds and injuries _xTreatment. _96184 |
|
| 700 | 1 |
_aMoore, Ernest Eugene. _98090 |
|
| 700 | 1 |
_aEiseman, Ben, _d1917- _98091 |
|
| 700 | 1 |
_aVan Way, Charles W. _96569 |
|
| 906 |
_a7 _bcbc _corignew _d1 _eocip _f19 _gy-gencatlg |
||
| 942 |
_2lcc _cBK _n0 |
||
| 999 |
_c3848 _d3848 |
||